Datum a čas kvízu
40
Celkem bodů
Celkový počet nahraných bodů na tomto kvízu bez doplňovacích otázek.
1.
Pořadí na kvízu
Konečné umístění týmu na tomto kvízu.
Zaznamenané odpovědi
| # | Otázka | Odpověď | Body | Výsledky |
|---|---|---|---|---|
| 1. | Vláda ve středu schválila vzni... | Křivoklátsko | 1 | |
| 2. | Ve které zemi zrušil minulý tý... | v Rumunsku | 1 | |
| 3. | Minulý týden kolovala internet... | A) postrádala typické vlnky na povrchu | 1 | |
| 4. | Dosavadním rozvážkovým službám... | Česká pošta, COOP | 1 | |
| 5. | Britský podnikatel Bernie Eccl... | vozy Formule 1 | 1 | |
| 6. | Téma o nejpoužívanějších aplik... | Netflix | 1 | |
| 7. | V roce 2024 použilo alespoň je... | 1 | ||
| 8. | Jedna aplikace, ve které jsou... | Duolingo | 0 | |
| 9. | Ve které z těchto zemí jako v... | C | 0 | |
| 10. | Tento Evropan má kratičké příj... | Spotify | 0 |